Methods in Enzymology: Guide to Protein Purification volumen.182

Bibliographic Details
Main Author: Deutscher, Murray P.
Format: Section = Libro
Language:Undetermined
Spanish
Published: New York Academic Press 1990
Subjects:
LEADER 00559nam a2200193Ia 4500
008 240830s9999 xx 000 0 und d
020 |a 0-12-213585-7 
040 |a CEDOC FIQ-RUSB / 540 D486 
041 |a spa 
082 |a 540 D486 
100 1 |a Deutscher, Murray P. 
245 1 0 |a Methods in Enzymology: Guide to Protein Purification volumen.182 
260 |a New York  |b Academic Press  |c 1990 
300 |a 894 p.: il. 
650 7 |a CIENCIAS BIOLÓGICAS 
650 7 |b  DESARROLLO DE PROCEDIMIENTOS DE PURIFICACIÓN 
942 |c BK  |2 ddc 
991 |a TEXTO 
999 |c 27095